000 00909nam a22002417a 4500
005 2010081700590.0
010 _aENG-100667
020 _a9788187496755
_c250.00
035 _aEN-84200
037 _bDBAD/PUB
082 _a325.32
245 _aSocialist register 2008 :
_bglobal flashpoints reactions to imperialism and Neoliberalism /
_cedited by Leo Panitch [and] Colin Leys
260 _aNew Delhi
_bLeftword Books
_c2007
270 _a12 Rajendra Prasad Road
_bNew Delhi
_e110001
300 _axiii,362p.
_c25cm (pbk)
650 _aImperialism
_914306
650 _aInternational Economic Condition
_914307
650 _aWorld Politics
_914308
700 _aPanitch, Leo
_914309
700 _aLeys, Colin
_914310
942 _2ddc
_cEN
_h325.32
_mSOC
999 _c42270
_d42270